<?xml version="1.0" encoding="UTF-8"?>
<collection xmlns="http://www.loc.gov/MARC21/slim">
    <record>
        <controlfield tag="001">166621</controlfield>
        <controlfield tag="005">20170622205513.0</controlfield>
        <datafield tag="024" ind1="7" ind2=" ">
            <subfield code="2">ISSN</subfield>
            <subfield code="a">0947-4188</subfield>
        </datafield>
        <datafield tag="024" ind1="7" ind2=" ">
            <subfield code="2">HSB</subfield>
            <subfield code="a">08270009919x</subfield>
        </datafield>
        <datafield tag="037" ind1=" " ind2=" ">
            <subfield code="a">RWTH-CONV-044364</subfield>
        </datafield>
        <datafield tag="041" ind1=" " ind2=" ">
            <subfield code="a">English</subfield>
        </datafield>
        <datafield tag="100" ind1="1" ind2=" ">
            <subfield code="0">P:(DE-82)009143</subfield>
            <subfield code="a">Bayer, Birgit</subfield>
            <subfield code="b">0</subfield>
            <subfield code="e">Author</subfield>
        </datafield>
        <datafield tag="245" ind1=" " ind2=" ">
            <subfield code="a">Modeling the lifecycle of chemical plants</subfield>
            <subfield code="h">print</subfield>
        </datafield>
        <datafield tag="260" ind1=" " ind2=" ">
            <subfield code="a">Landsberg</subfield>
            <subfield code="b">GIT Verlag</subfield>
            <subfield code="c">2000</subfield>
        </datafield>
        <datafield tag="336" ind1="7" ind2=" ">
            <subfield code="0">PUB:(DE-HGF)16</subfield>
            <subfield code="2">PUB:(DE-HGF)</subfield>
            <subfield code="a">Journal Article</subfield>
            <subfield code="b">journal</subfield>
            <subfield code="m">journal</subfield>
        </datafield>
        <datafield tag="336" ind1="7" ind2=" ">
            <subfield code="2">DataCite</subfield>
            <subfield code="a">Output Types/Journal article</subfield>
        </datafield>
        <datafield tag="336" ind1="7" ind2=" ">
            <subfield code="0">0</subfield>
            <subfield code="2">EndNote</subfield>
            <subfield code="a">Journal Article</subfield>
        </datafield>
        <datafield tag="336" ind1="7" ind2=" ">
            <subfield code="2">BibTeX</subfield>
            <subfield code="a">ARTICLE</subfield>
        </datafield>
        <datafield tag="336" ind1="7" ind2=" ">
            <subfield code="2">ORCID</subfield>
            <subfield code="a">JOURNAL_ARTICLE</subfield>
        </datafield>
        <datafield tag="336" ind1="7" ind2=" ">
            <subfield code="2">DRIVER</subfield>
            <subfield code="a">article</subfield>
        </datafield>
        <datafield tag="700" ind1="1" ind2=" ">
            <subfield code="0">P:(DE-82)009165</subfield>
            <subfield code="a">von Wedel, Lars</subfield>
            <subfield code="b">1</subfield>
            <subfield code="e">Author</subfield>
        </datafield>
        <datafield tag="700" ind1="1" ind2=" ">
            <subfield code="0">P:(DE-82)000870</subfield>
            <subfield code="a">Marquardt, Wolfgang</subfield>
            <subfield code="b">2</subfield>
            <subfield code="e">Author</subfield>
        </datafield>
        <datafield tag="773" ind1=" " ind2=" ">
            <subfield code="0">PERI:(DE-600)33982-9</subfield>
            <subfield code="n">17</subfield>
            <subfield code="p">4-18</subfield>
            <subfield code="t">Chemanager</subfield>
            <subfield code="v">9</subfield>
            <subfield code="x">0947-4188</subfield>
        </datafield>
        <datafield tag="909" ind1="C" ind2="O">
            <subfield code="o">oai:publications.rwth-aachen.de:166621</subfield>
            <subfield code="p">VDB</subfield>
        </datafield>
        <datafield tag="920" ind1="1" ind2=" ">
            <subfield code="0">I:(DE-82)416410_20140620</subfield>
            <subfield code="k">416410</subfield>
            <subfield code="l">Lehrstuhl für Prozesstechnik</subfield>
            <subfield code="x">0</subfield>
        </datafield>
        <datafield tag="970" ind1=" " ind2=" ">
            <subfield code="a">08270009919x</subfield>
        </datafield>
        <datafield tag="980" ind1=" " ind2=" ">
            <subfield code="a">journal</subfield>
        </datafield>
        <datafield tag="980" ind1=" " ind2=" ">
            <subfield code="a">I:(DE-82)416410_20140620</subfield>
        </datafield>
        <datafield tag="980" ind1=" " ind2=" ">
            <subfield code="a">VDB</subfield>
        </datafield>
        <datafield tag="980" ind1=" " ind2=" ">
            <subfield code="a">UNRESTRICTED</subfield>
        </datafield>
        <datafield tag="980" ind1=" " ind2=" ">
            <subfield code="a">ConvertedRecord</subfield>
        </datafield>
    </record>

    
</collection>